000 00367nam a2200157Ia 4500
003 Ost
005 20260225132550.0
008 260225s9999||||xx |||||||||||||| ||und||
040 _cfsic
041 _afre
082 _a440
100 _aMohammed Seghir Djitli
_eAuteur
245 0 _aComprendre le marketing /
245 0 _cMohammed Seghir Djitli
942 _cكتاب
999 _c34069
_d34069